Tutela jurisdiccional diferenciada

Detalles Bibliográficos
Autor principal: Hurtado Reyes, Martn̕
Formato: eBook
Lenguaje:español
Publicado: Lima, Per ︢: Palestra Editores, 2006
Materias:
Acceso en línea:Acceso restringido

MARC

LEADER 00000nam a2200000 4500
005 20110629132036.0
008 100323s20069999pe s 000 0 spa d
020 |a 9972-224-02-3  
035 |a 4888 
040 |d BUS  |d vLex 
090 |c 1359  |d 1359 
100 |a Hurtado Reyes, Martn̕. 
245 1 0 |a Tutela jurisdiccional diferenciada  |h [Recurso electrn̤ico] 
256 |a Servicio en ln̕ea. 
260 |a Lima, Per ︢:  |b Palestra Editores,  |c 2006  
506 1 |a Contenido solo disponible en los productos indicados  |d vLex Global  |d vLex Global (Academic Edition, excluding Law Schools)  |d vLex Global (U.S. Academic Edition, Law Schools)  |d vLex Global (U.S. Academic Edition, excluding Law Schools)  |d vLex Global (Academic Edition, Law Schools) 
650 0 4 |a Jurisdiccin̤  |x Publicaciones perid̤icas. 
650 0 4 |a Conflicto de decisiones judiciales  |x Publicaciones perid̤icas. 
740 0 |a vLex Libros (Servicio en ln̕ea) 
856 4 0 |u http://vlex.com/source/4888  |z Acceso restringido 
942 |c BOOK